Statystyki dla stare flagi pl.

Kliknij tutaj aby rozwiązać quiz!

Ogólne statystyki

  • Ten quiz został rozwiązany 177 razy
    (166 od ostatniego zresetowania)
  • Średni wynik to 5 z 6

Statystyki odpowiedzi

Odpowiedź% Poprawnych
Polska
99%
Mongolia
90%
Hiszpania
89%
Chiny
82%
Grecja
65%
Bułgaria
38%

Rozkład punktacji

Percentyl według liczby udzielonych odpowiedzi

Procent ludzi z każdym wynikiem

Twoja historia wyników

Nie rozwiązałeś tego quizu od ostatniego zresetowania